00436nam a2200121Ia 4500003000200000005001700002008004100019050002700060100002700087245008100114260008600195300003300281020250203113858.0140724s9999 xx 000 0 und d aHF 5415.2b.Sa118 2013 aSabuquia Jr, Danilo B. aSnob Limited Clothing Online Shop :bIn a boutique /cDanilo B. Sabuquia Jr. aLas Piñas, Philippines :bSouthville International School and Colleges,c c2013 a75 p. :bcol. ill. ;c28 cm.